La frontera / (Record no. 89934)

MARC details
000 -LEADER
campo de control de longitud fija 00620nam a2200217 i 4500
001 - NÚMERO DE CONTROL
campo de control 89934
003 - IDENTIFICADOR DE NÚMERO DE CONTROL
campo de control ES-MaACL
005 - FECHA Y HORA DE LA ÚLTIMA TRANSACCIÓN
campo de control 20230906180314.0
007 - CAMPO FIJO DE DESCRIPCIÓN FÍSICA--INFORMACIÓN GENERAL
campo de control de longitud fija t|
008 - DATOS DE LONGITUD FIJA--INFORMACIÓN GENERAL
campo de control de longitud fija 050117s1955 sp ||||1| spa d
100 1# - ENTRADA PRINCIPAL--NOMBRE DE PERSONA
Nombre de persona Lea, Tom.
9 (RLIN) 70945
245 13 - MENCIÓN DEL TÍTULO
Título La frontera /
Mención de responsabilidad, etc. Tom Lea ; [versión española de Carlos Paytuví de Sierra].
250 ## - MENCION DE EDICION
Mención de edición [1ª ed.].
260 ## - PUBLICACIÓN, DISTRIBUCIÓN, ETC.
Lugar de publicación, distribución, etc. Barcelona :
Nombre del editor, distribuidor, etc. Luis de Caralt,
Fecha de publicación, distribución, etc. [1955] (
Fabricante Horta)
300 ## - DESCRIPCIÓN FÍSICA
Extensión 293 p. ;
Dimensiones 20 cm.
490 1# - MENCIÓN DE SERIE
Mención de serie Gigante
700 0# - ENTRADA AGREGADA--NOMBRE PERSONAL
Nombre de persona Paytuví de Sierra, Carlos.
9 (RLIN) 89742
830 0# - PUNTO DE ACCESO ADICIONAL DE SERIE-TÍTULO UNIFORME
Título uniforme Gigante
9 (RLIN) 181050
852 ## - LOCALIZACIÓN
Ubicación ES-MaACL
Número de control de estantería C-11369
Sublocalización o colección R.38038
Holdings
Estatus retirado Estado de pérdida Estado de daño No para préstamo Biblioteca de origen Biblioteca actual Ubicación en estantería Fecha de adquisición Fuente de adquisición Total de préstamos Signatura topográfica completa Código de barras Visto por última vez Precio de reemplazo Tipo de ítem Koha
        Biblioteca del Ateneo de Madrid Biblioteca del Ateneo de Madrid Sala Palomar 17/01/2008     C-11369 1093920 23/02/2023 23/02/2023 Libro impreso